000 00309nam a2200133Ia 4500
005 20260328101523.0
008 260328s9999||||xx |||||||||||||| ||und||
100 _aLuhan, Gregory
245 0 _aLive.light /
_cGregory Luhan
260 _bORO
300 _a91 p.
650 _aARQUITECTURA Y CLIMA
942 _cBK
999 _c9678
_d9678